Il Religioso Paolino nella sua comunità. (Record n. 23715)
[ formato base ]
| 000 -LEADER | |
|---|---|
| fixed length control field | 00878nam a2200229Ia 4500 |
| 003 - CONTROL NUMBER IDENTIFIER | |
| control field | IT-RoPAU |
| 005 - DATE AND TIME OF LATEST TRANSACTION | |
| control field | 20220918175645.0 |
| 008 - FIXED-LENGTH DATA ELEMENTS--GENERAL INFORMATION | |
| fixed length control field | 120407s9999 xx 000 0 und d |
| 040 ## - CATALOGING SOURCE | |
| Original cataloging agency | IT-RoPAU |
| Transcribing agency | 20130514101852.0 |
| 040 ## - CATALOGING SOURCE | |
| Transcribing agency | IT-RoPAU |
| 041 ## - LANGUAGE CODE | |
| Language code of text/sound track or separate title | ita |
| 100 ## - MAIN ENTRY--PERSONAL NAME | |
| Personal name | Centro di Promozione e Formazione |
| 9 (RLIN) | 535 |
| 245 ## - TITLE STATEMENT | |
| Title | Il Religioso Paolino nella sua comunità. |
| Remainder of title | Incontri di animazione nella comunità paolina |
| 250 ## - EDITION STATEMENT | |
| Edition statement | 1° ed |
| 260 ## - PUBLICATION, DISTRIBUTION, ETC. (IMPRINT) | |
| Place of publication, distribution, etc. | Società San Paolo |
| Name of publisher, distributor, etc. | SSP |
| Date of publication, distribution, etc. | 1984 |
| 300 ## - PHYSICAL DESCRIPTION | |
| Dimensions | 30 cm |
| Extent | 23 pp. |
| 490 ## - SERIES STATEMENT | |
| Series statement | Il Religioso Paolino nella sua comunità |
| 490 ## - SERIES STATEMENT | |
| Volume/sequential designation | 5° Vol. |
| 520 ## - SUMMARY, ETC. | |
| Summary, etc. | Indice<br/><br/>Presentazione<br/>San Paolo modello di apostolo (°)<br/>Saluto integrale di Don Renato Perino, Superiore Generale alla concelebrazione di Venerdì 26 Novembre 1982<br/>"La Chiesa ha bisogno del vostro carisma" - Omelia di Mons. Tomko<br/> |
| 942 ## - ADDED ENTRY ELEMENTS (KOHA) | |
| Koha item type | LIBRO |
| Source of classification or shelving scheme | Dewey Decimal Classification |
| Withdrawn status | Lost status | Source of classification or shelving scheme | Damaged status | Not for loan | Home library | Current library | Date acquired | Total Checkouts | Full call number | Date last seen | Price effective from | Koha item type |
|---|---|---|---|---|---|---|---|---|---|---|---|---|
| Dewey Decimal Classification | Buone Condizioni | Not For Loan | PAULUS-BIBLIOTECA | PAULUS-BIBLIOTECA | 11/04/2012 | P D2 | 11/04/2012 | 11/04/2012 | LIBRO | |||
| Dewey Decimal Classification | Buone Condizioni | Not For Loan | PAULUS-BIBLIOTECA | PAULUS-BIBLIOTECA | 14/05/2013 | P D2 | 14/05/2013 | 14/05/2013 | LIBRO |